000 00295nam a22001337a 4500
008 170424b xxu||||| |||| 00| 0 eng d
020 _a2900132415131
041 _aeng
080 _25 ED
_a547
100 _a12
101 _aSHM
245 _aORGANIC CHEMISTRY
_cBRUICE.P.Y
942 _2udc
_cBK
999 _c11694
_d11694